000 00237nam a2200097Ia 4500
008 190216s9999||||xx |||||||||||||| ||und||
100 _aNull
245 0 _aChila Jaiva Prakriyayude Resathanthram
260 _bKerala Basha Inst
942 _cBK
999 _c37695
_d37695